A complete book on beauty, body, make-up and hairstyles / (Record no. 35634)

MARC details
000 -LEADER
fixed length control field 00635nam a22001817a 4500
005 - DATE AND TIME OF LATEST TRANSACTION
control field 20100504111852.0
008 - FIXED-LENGTH DATA ELEMENTS--GENERAL INFORMATION
fixed length control field 100504t xxu||||| |||| 00| 0 eng d
020 ## - INTERNATIONAL STANDARD BOOK NUMBER
International Standard Book Number 8172454163
Terms of availability 140.00
020 ## - INTERNATIONAL STANDARD BOOK NUMBER
International Standard Book Number 9788172454166
Terms of availability 140.00
037 ## - SOURCE OF ACQUISITION
Source of stock number/acquisition PUB/Goodwill
040 ## - CATALOGING SOURCE
Original cataloging agency DPL
100 ## - MAIN ENTRY--PERSONAL NAME
Personal name Handa, Parvesh
245 ## - TITLE STATEMENT
Title A complete book on beauty, body, make-up and hairstyles /
Statement of responsibility, etc by Parvesh Handa
260 ## - PUBLICATION, DISTRIBUTION, ETC. (IMPRINT)
Place of publication, distribution, etc New Delhi
Name of publisher, distributor, etc Goodwill Publishing House
Date of publication, distribution, etc 201?
300 ## - PHYSICAL DESCRIPTION
Extent xii, 236p. :
Dimensions 26 cm. (Pbk)
Accompanying material illu.
942 ## - ADDED ENTRY ELEMENTS (KOHA)
Source of classification or shelving scheme Dewey Decimal Classification
Item type English Books
Call number suffix HAN
Holdings
Withdrawn status Lost status Source of classification or shelving scheme Damaged status Not for loan Home library Current library Date acquired Cost, normal purchase price Total Checkouts Full call number Date last seen Cost, replacement price Koha item type
    Dewey Decimal Classification   Ordered Andrews Gunj Andrews Gunj 04/05/2010 140.00   HAN 04/05/2010 140.00 English Books

© Delhi Public Library
Hit Counter
free hit counter